000 00311nam a2200133Ia 4500
008 220204s9999 xx 000 0 und d
082 _a744.5
_bBEL
100 _aBellis, H F
245 0 _aBlueprint reading
250 _aEd.2
260 _aNew York
_bMcGraw Hill
_c1978
700 _aSchmidt, W A
942 _cBK
999 _c30659
_d30659